PROBLEMS ON BIOMATHEMATICS (Record no. 8660)

MARC details
000 -LEADER
fixed length control field 00422nam a22001697a 4500
003 - CONTROL NUMBER IDENTIFIER
control field OSt
005 - DATE AND TIME OF LATEST TRANSACTION
control field 20211002102431.0
008 - FIXED-LENGTH DATA ELEMENTS--GENERAL INFORMATION
fixed length control field 211002b |||||||| |||| 00| 0 eng d
020 ## - INTERNATIONAL STANDARD BOOK NUMBER
International Standard Book Number 9788173817533
040 ## - CATALOGING SOURCE
Transcribing agency HU
082 ## - DEWEY DECIMAL CLASSIFICATION NUMBER
Classification number 570.151/BAN
100 ## - MAIN ENTRY--PERSONAL NAME
Personal name Kr Baneriee
Fuller form of name Pranab Kr Banerjee
9 (RLIN) 9280
245 ## - TITLE STATEMENT
Title PROBLEMS ON BIOMATHEMATICS
260 ## - PUBLICATION, DISTRIBUTION, ETC.
Place of publication, distribution, etc. LONDON
Name of publisher, distributor, etc. New Central Book
Date of publication, distribution, etc. 2012
300 ## - PHYSICAL DESCRIPTION
Extent 363
942 ## - ADDED ENTRY ELEMENTS (KOHA)
Source of classification or shelving scheme Dewey Decimal Classification
Koha item type Books like text book referance book
Suppress in OPAC No
Holdings
Withdrawn status Lost status Source of classification or shelving scheme Damaged status Not for loan Home library Current library Shelving location Date acquired Total Checkouts Full call number Barcode Date last seen Copy number Price effective from Koha item type
    Dewey Decimal Classification     Natural & Computational Science Library Natural & Computational Science Library General Stacks 10/02/2021   570.151/BAN NSCLIB000015199 10/02/2021 1 10/02/2021 Books like text book referance book
    Dewey Decimal Classification     Natural & Computational Science Library Natural & Computational Science Library General Stacks 10/02/2021   570.151/BAN NSCLIB000015200 10/02/2021 2 10/02/2021 Books like text book referance book
    Dewey Decimal Classification     Natural & Computational Science Library Natural & Computational Science Library General Stacks 10/02/2021   570.151/BAN NSCLIB000015201 10/02/2021 3 10/02/2021 Books like text book referance book
    Dewey Decimal Classification     Natural & Computational Science Library Natural & Computational Science Library General Stacks 10/02/2021   570.151/BAN NSCLIB000015202 10/02/2021 4 10/02/2021 Books like text book referance book
    Dewey Decimal Classification     Natural & Computational Science Library Natural & Computational Science Library General Stacks 10/02/2021   570.151/BAN NSCLIB000015203 10/02/2021 5 10/02/2021 Books like text book referance book